مكتبة جامعة عجلون الوطنية

فهرس بحث المكتبة

Normal view MARC view
  • المرابحة- فقه اسلامي- البنوك الاسلامية

Entry Topical Term

Number of records used in: 1

001 - CONTROL NUMBER

  • control field: 29345

003 - CONTROL NUMBER IDENTIFIER

  • control field: JO-AjAnu

005 - DATE AND TIME OF LATEST TRANSACTION

  • control field: 20230606074949.0

008 - FIXED-LENGTH DATA ELEMENTS

  • fixed length control field: 230606|| aca||aabn | a|a d

040 ## - CATALOGING SOURCE

  • Original cataloging agency: JO-AjAnu
  • Transcribing agency: JO-AjAnu

150 ## - HEADING--TOPICAL TERM

  • Topical term or geographic name entry element: المرابحة- فقه اسلامي- البنوك الاسلامية

670 ## - SOURCE DATA FOUND

  • Source citation: Work cat.: (JO-AjAnu)15063: ملحم، أحمد سالم, author 29344, بيع المرابحة وتطبيقاته في المصارف الإسلامية: دراسة فقهية مقارنة تبين حقيقة المرابحة بصورتيها البسيطة والمركبة والممارسات النظرية والعملية لبيع المرابحة للآمر بالشراء في المصارف الإسلامية